El derecho a la consulta previa Echando un pulso a la nacin̤ homogňea /

Bibliographic Details
Main Author: Garcš, Andrě Viana
Format: eBook
Language:Spanish
Published: Bogot:̀ Pontificia Universidad Javeriana, 2016
Subjects:
Online Access:Acceso restringido

MARC

LEADER 00000nam a22000007a 4500
005 2020121106156.0
007 cr|||| ||||
008 201211s2016 co |||||s|||| 00||0 spa d
020 |a 978-958-716-928-7 
035 |a 32247 
040 |a vLex 
090 |c 10934  |d 10934 
100 1 |a Garcš, Andrě Viana 
245 1 2 |a El derecho a la consulta previa  |h [Recurso electrn̤ico] :  |b Echando un pulso a la nacin̤ homogňea /  |c Andrě Viana Garcš 
256 |a Servicio en ln̕ea 
260 |a Bogot:̀  |b Pontificia Universidad Javeriana,  |c 2016 
300 |a 1 recurso electrn̤ico 
500 |a Este libro permite comprender el alcance del derecho a la Consulta Previa de los pueblos indg̕enas y tribales en Colombia. La autora supera la idea de los derechos inmutables, rg̕idos o definitivos, y asume su naturaleza dinm̀ica y vital. Supone que su alcance y contenido estǹ en continuo progreso y que su rol en la vida polt̕ica de las naciones es suficientemente resiliente como para potenciarse frente a la verst̀il realidad de sus titulares. A travš del ejercicio investigativo, se aclaran estǹdares mn̕imos protegidos por el principio de no retroactividad. Esos estǹdares demuestran no solo que los pueblos ťnicamente diferenciados en Colombia son sujetos de derechos especialmente protegidos por la Constitucin̤, sino que son agentes polt̕icos activos en la determinacin̤ del sentido y norte de los modelos de desarrollo; y que, desde esa doble posicin̤, serǹ indispensables en la consolidacin̤ de una paz sostenible. El derecho a la Consulta Previa. Echando un pulso a la nacin̤ homogňea ofrece una lectura crt̕ica y sistematizada de la jurisprudencia constitucional sobre la Consulta Previa que enriquece la discusin̤, a veces repetitiva, sobre ese derecho. 
506 1 |a Disponible solo en los productos indicados  |d vLex Global  |d vLex Global (Academic Edition, excluding Law Schools)  |d vLex Global (U.S. Academic Edition, Law Schools)  |d vLex Global (U.S. Academic Edition, excluding Law Schools)  |d vLex Global (Academic Edition, Law Schools) 
650 0 4 |a Derecho Constitucional  |z Colombia 
740 0 |a vLex Libros (Servicio en ln̕ea) 
856 4 0 |u http://vlex.com/source/derecho-a-la-consulta-previa-echando-un-pulso-a-la-nacion-homogenea-32247  |z Acceso restringido 
942 |c BOOK 
999 0 |a Constitutional right